000 00560nam a2200181Ia 4500
999 _c32404
_d32404
003 OSt
005 20200724132923.0
008 190216s9999||||xx |||||||||||||| ||und||
020 _a9783764387488
040 _coclc
082 _a515.75
_bGIL/I
100 _aGilanyi, Attila
_93738
245 3 _aAn Introduction To The Theory Of Functional Equations And Inequalities /
_cAttila Gilanyi
260 _bBrikhauser,
_c2008.
_aBasel:
300 _a595p
650 _aFunctional Equations
942 _cBK
_2ddc
_h515.75
_iGIL/I
_k515.75
_mGIL/I